1784 1055 1293 1964 1195 1069 1906 1791 1885 1820 1609 1861 1480 1053 1807 1957 1073 1054 1093 1335 1712 1129 1158 1523 1765 1965 1212 1594 1222 1396 1359 1619 1366 1798 1691 1749 1538 1019 1799 1739 1886 1937 1528 1791 1177 1779 1540 1968 1070 1365 1898 1164 1992 1132 1727 1352 1575 1711 1819 1853 1688 1532 1028 1133 1264 1860 1611 1599 1207 1392 1602 1546 1033 1278 1758 1849 1762 1674 1880 1888 1304 1307 1771 1518 1636 1913 1654 1413 1716 1540 1822 1919 1768 1373 1399 1792 1008 1619 1004 BCNSPRNW ULIB Ver.6.0+V

เปลี่ยนเป็นภาษาไทย

Change to English
 แสดงรายละเอียดบรรณานุกรม
  กลับหน้าหลัก

Brief Record : Get Marc (ISO 2709) : E-mail record : QR code < ปิดหน้าต่าง
LEADER : 00000nam 2200000uu 4500
001    13399114535
003     ULIB
008    120411s2543||||th 000 0 tha d
020    ^a9746109537(ล.2)
060  4 ^aWA525^bส719ค ล.2 2543
110 1  ^aมหาวิทยาลัยสุโขทัยธรรมาธิราช^bสาขาวิชาวิทยาศาสตร์สุขภาพ
245 00 ^aเอกสารการสอนชุดวิชา ความรู้เบื้องต้นเกี่ยวกับการบริหารสาธารณสุขและโรงพยาบาล หน่วยที่ 8-15=^bHealth and Development/^cสาขาวิชาวิทยาศาสตร์สุขภาพ มหาวิทยาลัยสุโขทัยธรรมาธิราช
246 0  ^aHealth and Development
250    ^aพิมพ์ครั้งที่ 13
260    ^aนนทบุรี:^bศูนย์หนังสือมหาวิทยาลัยสุโขทัยธรรมาธิราช,^c2543
300    ^a2 เล่ม :^b848 หน้า
650  7 ^aสาธารณสุข^xไทย
650  7 ^aสาธารณสุข^xการบริหาร
650  0 ^aโรงพยาบาล^xการบริหาร
945    ^p0^l0^i14607
995    ^aกัณชพร
999    ^aใช้งานได้ทุกระบบ
รายการนี้ยังไม่มีแท็ก
คุณยังไม่ได้ล็อกอิน คุณสามารถมีกิจกรรมร่วมกับเว็บไซต์ได้ แต่ต้องล็อกอินก่อน ::
  ล็อกอิน

รายการสื่อสารสนเทศ

ลำดับที่ ประเภท เลขเรียก/บาร์โค้ด สถานที่ สถานะ
- ไม่พบข้อมูล -

BibComment


ยังไม่เคยถูกคอมเมนท์

คอมเมนท์ทรัพยากรรายการนี้
  คอมเมนท์: เอกสารการสอนชุดว..


 Copyright 2026. Bcnsprnw @Library